000 00555nam a2200121Ia 4500
008 171212s9999 xx 000 0 und d
020 _a9780833089007
100 _aSnyder, Don;Powers, James D.;Bodine-Baron, Elizabeth;Fox, Bernard;Kendrick, Lauren
245 _cSnyder, Don;Powers, James D.;Bodine-Baron, Elizabeth;Fox, Bernard;Kendrick, Lauren
_aImproving the Cybersecurity of U.S. Air Force Military Systems Throughout Their Life Cycles
260 _bRAND Corporation
_c2015
650 _aHistory
856 _uhttp://jstor.org/stable/10.7249/j.ctt19rmd15
999 _c352205
_d352205